Capitals and Countries of South America - HARD - Statistics

General Stats
  • This quiz has been taken 1,417 times
  • The average score is 11 of 12
Answer Stats
Capital, Country % Correct
Brasilia, Brazil
97%
Buenos Aires, Argentina
96%
Lima, Peru
95%
Santiago, Chile
94%
Bogotá, Colombia
93%
Caracas, Venezuela
92%
Montevideo, Uruguay
92%
Quito, Ecuador
91%
Sucre, Bolivia
91%
Asunción, Paraguay
85%
Georgetown, Guyana
82%
Paramaribo, Suriname
78%
No matching quizzes found
Score Distribution
Percent of People with Each Score
Percentile by Number Answered
Your Score History
You have not taken this quiz